El orden precisado en las funciones enteras / (Record no. 114916)

MARC details
000 -LEADER
campo de control de longitud fija 00757nam a2200229 i 4500
001 - NÚMERO DE CONTROL
campo de control 114916
003 - IDENTIFICADOR DE NÚMERO DE CONTROL
campo de control ES-MaACL
005 - FECHA Y HORA DE LA ÚLTIMA TRANSACCIÓN
campo de control 20250903025948.0
007 - CAMPO FIJO DE DESCRIPCIÓN FÍSICA--INFORMACIÓN GENERAL
campo de control de longitud fija t|
008 - DATOS DE LONGITUD FIJA--INFORMACIÓN GENERAL
campo de control de longitud fija 070212s1955 sp ||||1| spa d
080 ## - NÚMERO DE LA CLASIFICACIÓN DECIMAL UNIVERSAL
Número de la Clasificación Decimal Universal 517.5
100 1# - ENTRADA PRINCIPAL--NOMBRE DE PERSONA
Nombre de persona Azpeitia, A. G.
9 (RLIN) 24339
245 13 - MENCIÓN DEL TÍTULO
Título El orden precisado en las funciones enteras /
Mención de responsabilidad, etc. A.G. Azpeitia.
260 ## - PUBLICACIÓN, DISTRIBUCIÓN, ETC.
Lugar de publicación, distribución, etc. Madrid :
Nombre del editor, distribuidor, etc. Consejo Superior de Investigaciones Cientificas,
Fecha de publicación, distribución, etc. 1955.
300 ## - DESCRIPCIÓN FÍSICA
Extensión 73 p. ;
Dimensiones 24 cm.
490 1# - MENCIÓN DE SERIE
Mención de serie Memorias de matemáticas del Instituto "Jorge Juan" ;
Designación de volumen o secuencia 15
500 ## - NOTA GENERAL
Nota general Premio Torres Quevedo 1952.
650 14 - PUNTO DE ACCESO ADICIONAL DE MATERIA--TÉRMINO DE MATERIA
Término de materia o nombre geográfico como elemento de entrada Funciones enteras.
9 (RLIN) 150473
830 00 - PUNTO DE ACCESO ADICIONAL DE SERIE-TÍTULO UNIFORME
Título uniforme Memorias de matemáticas del Instituto "Jorge Juan"
Designación de volumen o secuencia 15
9 (RLIN) 185834
852 ## - LOCALIZACIÓN
Ubicación ES-MaACL
Número de control de estantería E-4515
Holdings
Estatus retirado Estado de pérdida Estado de daño No para préstamo Biblioteca de origen Biblioteca actual Ubicación en estantería Fecha de adquisición Fuente de adquisición Total de préstamos Signatura topográfica completa Código de barras Visto por última vez Precio de reemplazo Tipo de ítem Koha
        Biblioteca del Ateneo de Madrid Biblioteca del Ateneo de Madrid Depósito 2 17/01/2008     E-4515 1119835 23/02/2023 23/02/2023 Libro impreso